000 01238cam a22002054a 4500
005 20250605164023.0
008 250528s ||||||||||||||||||||||||d
035 _a16400
020 _a295978554
040 _aGR-AtMCL
_bgre
_dGR-AtMCL
_eAACR2
245 1 _aRural China / Imperial Control in the Nineteenth Century
250 _a2nd
260 _bUniversity Of Washington Press,
_c1972
300 _a786
520 _aA study of the administrative apparatus which helped the emperors ''to assure obedience and forestall rebellions''. The Divisions of Rural Areas, Villages and Markets and Towns, Administrative Divisions: Pao-chia and Li-chia, Rural Control, Police Control: The Pao-chia System, Tax Collection in Rural Areas: The Li-chia System, Famine Control: She-ts'ang and Other Granaries, Ideological Control: The Hsiang-yueh and Other Institutions, The Effects of Control, The Effects of Control on the Village, The Clan and Rural Control, Rural Reactions to Control: I, Rural Reactions to Control: II, Summary and Postscript, Appendices, Tables of Transliteration, Reigns and Emperors of the Ch'ing Dynasty, Bibliography, Index.
700 1 _aHsiao Kung-Chuan
_92494
942 _cBK
999 _c1903
_d1903